MARC details
| 000 -BAŞLIK |
| Sabit Uzunluktaki Kontrol Alanı |
03493nam a22003617a 4500 |
| 001 - KONTROL NUMARASI |
| Control Dosyası |
0045891 |
| 003 - KONTROL NUMARASI KİMLİĞİ |
| Kontrol Alanı |
KOHA_MİRAKIL |
| 005 - EN SON İŞLEM TARİHİ ve ZAMANI |
| Kontrol Alanı |
20260207003500.0 |
| 007 - FİZİKSEL TANIM SABİT ALAN - GENEL BİLGİ |
| Sabit uzunluklu kontrol alanı |
ta |
| 008 - SABİT UZUNLUKTAKİ VERİ ÖGELERİ - GENEL BİLGİ |
| Sabit Alan |
140702b2014 tu a|||grt|||#0|||0|tur | |
| 020 ## - ISBN - ULUSLARARASI STANDART KİTAP NUMARASI |
| Isbn |
9786054667659 |
| 040 ## - KATALOGLAMA KAYNAĞI |
| Özgün Kataloglama Kurumu |
TR-BiSEU |
| Kataloglama Dili |
tur |
| Çeviri Kurumu |
TR-BiSEU |
| Açıklama Kuralları |
rda |
| 041 0# - DİL KODU |
| Metin ya da ses kaydının dil kodu |
tur |
| 044 ## - YAYINLAYAN/ÜRETEN KURULUŞUN ÜLKE KODU |
| ISO country code |
tu |
| 050 ## - SINIFLAMA ve YER NUMARASI |
| Sınıflama Numarası |
JS6953 |
| Yer Numarası |
.K35 2014 |
| 245 1# - ESER ADI BİLDİRİMİ |
| Başlık |
Onuncu Kalkınma Planı 2014-2018 yerel yönetimler özel ihtisas komisyonu raporu. |
| 264 #1 - ÜRERİM, YAYIN, DAĞITIM ve TELİF BİLDİRİMİ |
| Yayın yeri |
Ankara : |
| Yayınlayan |
Kalkınma Bakanlığı |
| Yayın tarihi |
2014 |
| 300 ## - FİZİKSEL TANIMLAMA |
| Sayfa, Cilt vb. |
172 sayfa : |
| Diğer fiziki detaylar |
tablo ; |
| Boyutları |
32 cm. |
| 336 ## - İÇERİK TÜRÜ |
| Content type term |
metin |
| Content type code |
txt |
| Source |
rdacontent |
| 337 ## - MEDYA TÜRÜ |
| Media type term |
aracısız |
| Media type code |
n |
| Source |
rdamedia |
| 338 ## - TAŞIYICI TÜRÜ |
| Carrier type term |
cilt |
| Carrier type code |
nc |
| Source |
rdacarrier |
| 490 1# - DİZİ BİLDİRİMİ |
| Dizi Bildirimi |
Yayın ; |
| Cilt Numarası |
No: KB: 2868. |
| 490 1# - DİZİ BİLDİRİMİ |
| Dizi Bildirimi |
ÖİK: 718. |
| 500 ## - GENEL NOT |
| Genel Not |
Kaynakça var. |
| 505 ## - İÇİNDEKİLER NOTU |
| İçindekiler Notu |
İÇİNDEKİLER |
| 650 #0 - KONU BAŞLIĞI EK GİRİŞ - KONU TERİMİ |
| Konusal terim veya coğrafi ad |
Yerel yönetimler--çalışma raporları |
| 9 (RLIN) |
84446 |
| 650 #0 - KONU BAŞLIĞI EK GİRİŞ - KONU TERİMİ |
| Konusal terim veya coğrafi ad |
Yerel Yönetim--Türkiye |
| 9 (RLIN) |
9502 |
| 650 #0 - KONU BAŞLIĞI EK GİRİŞ - KONU TERİMİ |
| Konusal terim veya coğrafi ad |
Local governments--Turkey |
| 9 (RLIN) |
50735 |
| 830 1# - SERİ EK GİRİŞİ - TEKBİÇİM ESER ADI |
| Tekbiçim Başlık |
Yayın ; |
| Volume number/sequential designation |
No: KB: 2868. |
| 9 (RLIN) |
1557 |
| 830 1# - SERİ EK GİRİŞİ - TEKBİÇİM ESER ADI |
| Tekbiçim Başlık |
ÖİK: 718. |
| 9 (RLIN) |
84447 |
| 907 ## - LOCAL DATA ELEMENT G, LDG (RLIN) |
| a |
Rapor |
| 942 ## - EK GİRİŞ ÖGELERİ (KOHA) |
| Source of classification or shelving scheme |
Library of Congress Classification |
| Koha item type |
Book |
| 505 ## - İÇİNDEKİLER NOTU |
| -- |
ÖNSÖZ iii |
| -- |
İÇİNDEKİLER v |
| -- |
TABLOLAR LİSTESİ vii |
| -- |
ŞEKİL LİSTESİ ix |
| -- |
KISALTMALAR xi |
| -- |
KOMİSYON ÜYELERİ xii |
| -- |
YÖNETİCİ ÖZETİ xvii |
| -- |
1. GİRİŞ 1 |
| -- |
2. MEVCUT DURUM ANALİZİ 3 |
| -- |
2.1. Türkiye'de Yerel Yönetimlerle İlgili Kavramlar 3 |
| -- |
2.2. Türkiye'de Yerel Yönetimlerin Tarihsel Gelişimi 5 |
| -- |
2.3. Türkiye'de Sayılarla Yerel Yönetimler 19 |
| -- |
2.4. Kalkınma Planlarında Yerel Yönetimlere Yönelik Değerlendirmeler 25 |
| -- |
2.5. Ülke Örneklerinde Yerel Yönetimler 29 |
| -- |
3. DÜNYADA VE TÜRKİYE'DE GELİŞME EĞİLİMLERİ 36 |
| -- |
3.1. Dünyadaki Gelişme Eğilimleri ve Türkiye'ye Etkileri 36 |
| -- |
3.1.1. Avrupa Birliği ve Yerel Yönetimler 36 |
| -- |
3.1.2. Avrupa Konseyi ve Yerel Yönetimler 42 |
| -- |
3.1.3. Birleşmiş Milletler (BM) ve Yerel Yönetimler 47 |
| -- |
3.1.4. Avrupa Belediyeler ve Bölgeler Konseyi (CEMR) 51 |
| -- |
3.1.5. Dünya Birleşmiş Kentler ve Yerel Yönetimler Ortadoğu ve |
| -- |
Batı Asya Bölge Teşkilatı (UCLG-MEWA) 52 |
| -- |
3.1.6. Diğer Kuruluşlar 54 |
| -- |
3.2. Türkiye'deki Gelişim Eğilimleri 54 |
| -- |
4. TÜRKİYE'DE YEREL YÖNETİMLERE YÖNELİK GZFT ANALİZİ 56 |
| -- |
5. ONUNCU PLAN DÖNEMİ PERSPEKTİFİ 69 |
| -- |
5.1. Uzun Vadeli Hedefler (2023 Vizyonu) 69 |
| -- |
5.2. Yerel Yönetimlerin Onuncu Plan (2014-2018) Politikaları, Hedefleri ve Uygulama Stratejileri 70 |
| -- |
5.2.1. Yerel Yönetimlerde Örgütsel Yapı ve İşleyiş 70 |
| -- |
5.2.2. Yerel Yönetimlerde Kapasite Artırımı ve Hizmet Sunum Yöntemleri 71 |
| -- |
5.2.3. Yerel Yönetimlerde Demokrasi, Temsil, Katılım ve Şeffaflık 81 |
| -- |
5.2.4. Merkezi Yönetim ve Yerel Yönetimler Arası İlişkiler 85 |
| -- |
5.2.5. Yerel Yönetimler Maliyesi 87 |
| -- |
5.2.6. Yerel Yönetimlerde Ölçek ve Kademelendirme 97 |
| -- |
5.2.7. Mekânsal Planlama ve Afet Yönetimi 100 |
| -- |
5.2.8. Yerel Yönetimlerde Denetim ve Hesap Verebilirlik 112 |
| -- |
5.2.9. Yerel Yönetimlerde Stratejik Yönetim ve Planlama 123 |
| -- |
5.2.10. Yerel Yönetimler ve Kalkınma Ajansları 124 |
| -- |
5.2.11. Yerel Yönetimlerde Çevre Yönetimi 128 |
| -- |
5.2.12. Kırsal Alan ve Köy Yönetimi 140 |
| -- |
5.2.13. Mahalle Yönetimlerinde Örgütsel Yapı ve İşleyiş 143 |
| -- |
5.2.14. Mahalli İdare Birliklerinde Etkinlik 148 |
| -- |
5.2.15. Büyükşehir Örgütlenmesi ve İki Kademeli Yerel Yönetim Modeli 151 |
| -- |
5.3. Plan Hedeflerini Gerçekleştirmek İçin Yapılması Gereken |
| -- |
Araştırmalar ve Projeler 155 |
| -- |
6. SONUÇ VE GENEL DEĞERLENDİRME 156 |
| -- |
KAYNAKÇA. 166 |